Основы сетевых технологий на базе коммутаторов и маршрутизаторов: учебное пособие

Détails bibliographiques
Auteur principal: Васин Н. Н. Николай Николаевич
Résumé:В курсе лекций излагаются основы построения сетей. Рассматриваются семиуровневая модель и модель TCP/IP, прикладной и транспортный уровень, физический уровень модели. Канальный уровень представлен двумя подуровнями и соответствующими технологиями локальных сетей. Маршрутизаторы представляют средства межсетевого взаимодействия, которое базируется на IP-адресах. Принципы маршрутизации базируются на сетевых протоколах и протоколах маршрутизации. Приведены основные сведения о протоколах вектора расстояния и состояния канала связи. Излагаются основы и примеры конфигурирования наиболее широко используемых маршрутизирующих протоколов RIP, EIGRP, OSPF. Рассмотрены принцип действия и конфигурирование сетевых фильтров. Приведены примеры конфигурирования коммутаторов, принципы и основы конфигурирования виртуальных локальных сетей. Настоящий курс лекций предназначен для студентов специальностей "Многоканальные телекоммуникационные системы", "Сети связи и системы коммутации", "Защищенные системы связи" и "нформационная безопасность телекоммуникационных систем". Он может быть также полезен слушателям курсов, обучающихся по программе локальной сетевой академии CISCO для получения сертификата CCNA Международной академии Cisco Networking Academy.
Langue:russe
Publié: Москва, БИНОМ. Лаборатория знаний, 2011
Collection:Основы информационных технологий
Sujets:
Format: Livre
KOHA link:https://koha.lib.tpu.ru/cgi-bin/koha/opac-detail.pl?biblionumber=197260

MARC

LEADER 00000nam0a2200000 4500
001 197260
005 20231101224737.0
010 |a 9785996304899 
035 |a (RuTPU)RU\TPU\book\215164 
090 |a 197260 
100 |a 20110608d2011 m y0rusy50 ca 
101 0 |a rus 
102 |a RU 
105 |a a j 001zy 
200 1 |a Основы сетевых технологий на базе коммутаторов и маршрутизаторов  |e учебное пособие  |f Н. Н. Васин 
210 |a Москва  |c БИНОМ. Лаборатория знаний  |d 2011 
215 |a 270 с.  |c ил. 
225 1 |a Основы информационных технологий 
320 |a Библиогр.: с. 253. 
320 |a Список терминов и сокращений: с. 254-258. 
320 |a Глоссарий: с. 259-270. 
330 |a В курсе лекций излагаются основы построения сетей. Рассматриваются семиуровневая модель и модель TCP/IP, прикладной и транспортный уровень, физический уровень модели. Канальный уровень представлен двумя подуровнями и соответствующими технологиями локальных сетей. Маршрутизаторы представляют средства межсетевого взаимодействия, которое базируется на IP-адресах. Принципы маршрутизации базируются на сетевых протоколах и протоколах маршрутизации. Приведены основные сведения о протоколах вектора расстояния и состояния канала связи. Излагаются основы и примеры конфигурирования наиболее широко используемых маршрутизирующих протоколов RIP, EIGRP, OSPF. Рассмотрены принцип действия и конфигурирование сетевых фильтров. Приведены примеры конфигурирования коммутаторов, принципы и основы конфигурирования виртуальных локальных сетей. Настоящий курс лекций предназначен для студентов специальностей "Многоканальные телекоммуникационные системы", "Сети связи и системы коммутации", "Защищенные системы связи" и "нформационная безопасность телекоммуникационных систем". Он может быть также полезен слушателям курсов, обучающихся по программе локальной сетевой академии CISCO для получения сертификата CCNA Международной академии Cisco Networking Academy. 
606 1 |a Вычислительные сети  |2 stltpush  |3 (RuTPU)RU\TPU\subj\67469  |9 83254 
610 1 |a построение 
610 1 |a сетевые технологии 
610 1 |a OSI 
610 1 |a TCP/IP 
610 1 |a локальные сети 
610 1 |a канальный уровень 
610 1 |a Ethernet-технологии 
610 1 |a межсетевое взаимодействие 
610 1 |a маршрутизаторы 
610 1 |a функции 
610 1 |a адресация 
610 1 |a функционирование 
610 1 |a протоколы 
610 1 |a конфигурирование 
610 1 |a сетевые фильтры 
610 1 |a коммутаторы 
610 1 |a виртуальные локальные сети 
610 1 |a учебные пособия 
675 |a 004.7(075.8)  |v 4 
700 1 |a Васин  |b Н. Н.  |g Николай Николаевич 
801 1 |a RU  |b 63413507  |c 20110608 
801 2 |a RU  |b 63413507  |c 20150421  |g RCR 
900 |a Информационные технологии 
942 |c BK 
959 |a 60/20110607  |d 2  |e 250,00  |f ЧЗТЛ:1  |f АНЛ:1